000 00869nam a2200253Ia 4500
003 OSt
005 20220923213855.0
006 a|||||r|||| 00| 0
007 ta
008 220922b |||||||| |||| 00| 0 hin d
024 _a165,291
037 _cTextual
040 _aARTS
_cARTS
_bhin
041 _2hin
_ahin
082 _aO152,1M96:g(P:75), L3
100 _aशर्मा, वेदव्रत
_9156279
245 0 _aनिराला के काव्य बिम्ब और प्रतीक
246 _aNirālā ke kāvya bimba aur pratīka
260 _aदिल्ली
_b आशा प्रका0
_c1973
300 _a179पृ.
_ccm.
650 _aहिन्दी साहित्य
_9156264
942 _hO152,1M96:g(P:75), L3
_cTEXL
_2CC
999 _c319770
_d319770